|
|
|
|
| LEADER |
00000naa2a2200000 4500 |
| 001 |
627877 |
| 005 |
20231101133501.0 |
| 035 |
|
|
|a (RuTPU)RU\TPU\conf\27903
|
| 035 |
|
|
|a RU\TPU\conf\27892
|
| 090 |
|
|
|a 627877
|
| 100 |
|
|
|a 20181001d2018 k y0rusy50 ca
|
| 101 |
0 |
|
|a rus
|
| 102 |
|
|
|a RU
|
| 105 |
|
|
|a y z 100zy
|
| 135 |
|
|
|a drcn ---uucaa
|
| 181 |
|
0 |
|a i
|
| 182 |
|
0 |
|a b
|
| 200 |
1 |
|
|a Распределение радионуклидов и минералов в гранулометрических фракциях луговых почв припортального участка штольни №176 испытательной площадки "Дегелен" СИП
|f Д. М. Сатиев
|g науч. рук. Л. П. Рихванов, А. М. Кабдыракова
|
| 203 |
|
|
|a Текст
|c электронный
|
| 225 |
1 |
|
|a Геоэкология, охрана и защита окружающей среды. Геоинформационные системы в геоэкологии
|
| 230 |
|
|
|a 1 компьютерный файл (pdf; 947 Kb)
|
| 300 |
|
|
|a Заглавие с экрана
|
| 320 |
|
|
|a [Библиогр.: с. 846 (8 назв.)]
|
| 461 |
|
1 |
|0 (RuTPU)RU\TPU\conf\27247
|t Проблемы геологии и освоения недр
|o труды XXII Международного симпозиума имени академика М. А. Усова студентов и молодых ученых, посвященного 155-летию со дня рождения академика В.А. Обручева, 135-летию со дня рождения академика М.А. Усова, основателей Сибирской горно-геологической школы, и 110-летию первого выпуска горных инженеров в Сибири, Томск, 2-7 апреля 2018 г.
|o в 2 т.
|f Национальный исследовательский Томский политехнический университет, Инженерная школа природных ресурсов ; под ред. А. С. Боева
|d 2018
|
| 463 |
|
1 |
|0 (RuTPU)RU\TPU\conf\27248
|t Т. 1
|v [С. 844-846]
|d 2018
|
| 610 |
1 |
|
|a труды учёных ТПУ
|
| 610 |
1 |
|
|a электронный ресурс
|
| 610 |
1 |
|
|a распределение
|
| 610 |
1 |
|
|a радионуклиды
|
| 610 |
1 |
|
|a минералы
|
| 610 |
1 |
|
|a гранулометрические фракции
|
| 610 |
1 |
|
|a почвы
|
| 610 |
1 |
|
|a радиационная обстановка
|
| 610 |
1 |
|
|a ядерные испытания
|
| 610 |
1 |
|
|a элементный состав
|
| 610 |
1 |
|
|a Семипалатинский полигон
|
| 700 |
|
1 |
|a Сатиев
|b Д. М.
|
| 702 |
|
1 |
|a Рихванов
|b Л. П.
|c геолог
|c профессор Томского политехнического университета, доктор геолого-минералогических наук
|c заслуженный геолог РФ
|c почетный работник высшего образования РФ
|f 1945-
|g Леонид Петрович
|2 stltpush
|4 727
|
| 702 |
|
1 |
|a Кабдыракова
|b А. М.
|4 727
|
| 712 |
0 |
2 |
|a Национальный исследовательский Томский политехнический университет
|b Инженерная школа природных ресурсов
|b Отделение геологии
|h 8083
|2 stltpush
|3 (RuTPU)RU\TPU\col\23542
|
| 801 |
|
2 |
|a RU
|b 63413507
|c 20181003
|g RCR
|
| 856 |
4 |
|
|u http://earchive.tpu.ru/handle/11683/50562
|
| 942 |
|
|
|c BK
|